| 000 | 00429nam a2200157Ia 4500 | ||
|---|---|---|---|
| 008 | 210716s2011 xx 000 0 und d | ||
| 020 | _a9789350232897 | ||
| 041 | _aeng | ||
| 082 | _a621.38212 FALR | ||
| 100 | _aFaludi, Robert. | ||
| 245 | _aBuilding wireless sensor networks. | ||
| 250 | _a1 | ||
| 260 |
_aMumbai _bShroff Publishers and Distributors Pvt Ltd _c2011 |
||
| 300 | _axviii,300,23 | ||
| 650 | _aComputer Networks | ||
| 999 |
_c193464 _d193464 |
||